Loading...
| Geography | 0 | 2 | 0 | 2 | 20 | 100 | 109.50 | 0 | 0 | 2.30 | 8.00 |
| Literature - British | 0 | 2 | 0 | 0 | 20 | 60 | 76.00 | 0 | 2 | 5.53 | 5.71 |
| History - European | 0 | 2 | 1 | 0 | 15 | 39 | 73.50 | 0 | 1 | 3.18 | 5.00 |
| Science - Physics | 0 | 1 | 0 | 1 | 10 | 98 | 98.00 | 0 | 0 | 0.39 | 2.00 |
| Fine Arts - Classical Music | 0 | 1 | 0 | 0 | 10 | 96 | 96.00 | 0 | 1 | 1.27 | 6.00 |
| Science - Biology | 0 | 1 | 0 | 0 | 10 | 46 | 46.00 | 1 | 1 | 5.05 | 10.00 |
| Science - Chemistry | 0 | 1 | 0 | 1 | 10 | 99 | 99.00 | 0 | 0 | 0.00 | 4.00 |
| Current Events | 0 | 1 | 0 | 0 | 10 | 82 | 82.00 | 0 | 1 | 5.10 | 15.00 |
| Fine Arts - Other | 0 | 1 | 1 | 0 | 5 | 78 | 78.00 | 0 | 1 | 3.16 | 2.00 |
| Philosophy | 0 | 0 | 0 | 0 | 0 | 0.00 | 0 | 0 | 0.00 | 0.00 | |
| Literature - European | 0 | 0 | 1 | 0 | -5 | 0.00 | 0 | 0 | 0.00 | 0.00 |